000 00745nam a2200253 i 4500
001 C2-0345211
003 PPAK
005 20180728145825.0
008 180129s ii a|||| ||||| | tam d
040 _aPPAK
_beng
_cPPAK
_erda
082 0 4 _a894.8113
_223
090 0 0 _a894.8113
_bVEN
_dK
100 0 _aVenugopal,
_eauthor
245 1 0 _aMaruthu Sagodargal
264 1 _aChennai, India :
_bSri Shenbaga Pathippagam ,
300 _a32 pages :
_bcolour illustrations ;
_c24 cm
336 _2rdacontent
_atext
337 _2rdamedia
_aunmediated
338 _2rdacarrier
_avolume
490 1 _aSri shenbagavin pada kathai varisai
650 1 0 _aChildren's stories, Tamil.
830 0 _aSri shenbagavin pada kathai varisai
942 _ddc
_cB
999 _c141709
_d141709